1001 INVENTIONS THAT CHANGED THE WORLD (Record no. 1174923)

MARC details
000 -LEADER
fixed length control field 00293nam a2200121Ia 4500
008 - FIXED-LENGTH DATA ELEMENTS--GENERAL INFORMATION
fixed length control field 230724s2013 xx und d
020 ## - INTERNATIONAL STANDARD BOOK NUMBER
International Standard Book Number 9789350096857
041 ## - LANGUAGE CODE
Language code of text/sound track or separate title eng
100 ## - MAIN ENTRY--PERSONAL NAME
Personal name CHALLONER JACK
245 ## - TITLE STATEMENT
Title 1001 INVENTIONS THAT CHANGED THE WORLD
260 ## - PUBLICATION, DISTRIBUTION, ETC.
Name of publisher, distributor, etc. NA
Date of publication, distribution, etc. 2013
300 ## - PHYSICAL DESCRIPTION
Extent 960
Holdings
Withdrawn status Lost status Damaged status Not for loan Home library Current library Date acquired Source of acquisition Cost, normal purchase price Total Checkouts Barcode Date last seen Price effective from Koha item type
        College of Architecture, Pune College of Architecture, Pune 23/07/2024 NULL 2295.00   ARP-BARCH-3779 23/07/2024 23/07/2024 Book